| 000 | 005760000a22001810004500 | ||
|---|---|---|---|
| 003 | MACL | ||
| 005 | 20160416152511.0 | ||
| 008 | 160416b xxu||||| |||| 00| 0 eng d | ||
| 040 |
_aMACL _cMACL |
||
| 041 | _aHindi | ||
| 082 | _a580 | ||
| 100 |
_aनिरूपमा _952487 |
||
| 245 | _aपेड-पौधों का रोचक संसार एवं उपयोगिता | ||
| 260 |
_bस्नेह साहित्य सदन _c2009 _aनई दिल्ली |
||
| 350 | _a225 | ||
| 650 |
_aBotany _952488 |
||
| 942 |
_cHIN _k580/NIR _2ddc |
||
| 999 |
_c41039 _d41039 |
||